Score 0/42 Timer 04:00
0 Plays Today
Hint Answer % Correct
1. EarthMars
98.6%
1. EarthSaturn
96.8%
1. EarthVenus
96.7%
1. AfricaAsia
95.8%
1. EarthJupiter
95.7%
1. AfricaNorth America
95.6%
1. AfricaSouth America
95.5%
1. AfricaEurope
95.5%
1. EarthUranus
95.2%
1. EarthMercury
94%
1. AfricaOceania
92.1%
1. EarthNeptune
91.7%
1. BishopQueen
89.3%
1. BishopKing
88.6%
1. BishopPawn
86.2%
1. AfricaAntarctica
85.4%
1. BishopKnight
85.2%
1. ClubsHearts
84.6%
1. ClubsSpades
84.3%
1. ClubsDiamonds
83.9%
1. BishopRook
83.8%
Hint Answer % Correct
1. BashfulSleepy
83.5%
1. BashfulDoc
82.4%
1. ErieMichigan
80.2%
1. BashfulDopey
79.2%
1. BashfulGrumpy
78.6%
1. ErieSuperior
78.4%
1. BashfulHappy
75.7%
1. ErieHuron
71.9%
1. BashfulSneezy
71.5%
1. ErieOntario
69.1%
1. CosecantSine
53.4%
1. CosecantCosine
52.8%
1. CosecantTangent
52.7%
1. HarrisonStarr
49.1%
1. HarrisonLennon
48.9%
1. HarrisonMcCartney
48.6%
1. CosecantSecant
46.8%
1. CosecantCotangent
43.6%
1. CosmoJerry
40.4%
1. CosmoGeorge
39.9%
1. CosmoElaine
39.7%
Remove Ads.
Support Sporcle.
Get the best of Sporcle when you Go Orange. This ad-free experience offers more features, more stats, and more fun while also helping to support Sporcle. Thank you for becoming a member.

You're not logged in!

Compare scores with friends on all Sporcle quizzes.
OR
Log In

Show Comments

Extras

Top Quizzes Today


Score Distribution

Your Account Isn't Verified!

In order to create a playlist on Sporcle, you need to verify the email address you used during registration. Go to your Sporcle Settings to finish the process.

Report this User

Report this user for behavior that violates our Community Guidelines.

Details: